| 000 | 01017nam a2200289 i 4500 | ||
|---|---|---|---|
| 001 | bg | ||
| 100 | 1 | _aMALAWSKI, Marcin | |
| 245 | 1 | 0 |
_aKonkurencja i kooperacja : _bteoria gier w ekonomii i naukach społecznych / _cMarcin Malawski, Andrzej Wieczorek, Honorata Sosnowska ; Fundacja Edukacyjna Przedsiębiorczości. |
| 260 |
_aWarszawa : _bWydaw. Naukowe PWN, _c1997. |
||
| 300 |
_a204, [3] s. : _brys., wykr. ; _c24 cm. |
||
| 490 | 1 | _aPrzedsiębiorczość | |
| 504 | _aBibliogr. s. 198-199. - Indeksy. | ||
| 650 | 9 |
_aKonkurencja _xzagadnienia |
|
| 650 | 9 |
_aTeoria gier _xstosowanie _xgospodarka |
|
| 650 | 9 |
_aWspółpraca gospodarcza _xteoria _xzagadnienia |
|
| 700 | 1 | _aWIECZOREK, Andrzej | |
| 700 | 1 | _aSOSNOWSKA, Honorata | |
| 710 | 0 | _aFundacja Edukacyjna Przedsiębiorczości (Łódź) | |
| 830 | _aPrzedsiębiorczość | ||
| 020 | _a8301121777 | ||
| 040 | _cBPK | ||
| 041 | 0 | _apl | |
| 080 | _a334.01:519.83 | ||
| 920 | _a83-01-12177-7 | ||
| 942 | _cKS | ||
| 008 | s pl f |000 0 pol | ||
| 999 |
_c34307 _d34307 |
||
| 856 |
_uhttp://koha.tu.koszalin.pl/cgi-bin/koha/opac-detail.pl?biblionumber=34307 _yKatalog online BPK |
||